Musician by Bands They Were In - Statistics

General Stats
  • This quiz has been taken 102 times
  • The average score is 4 of 12
Answer Stats
Bands Answer % Correct
The Yardbirds, Cream, Blind Faith Eric Clapton
89%
The Beatles, Wings, The Fireman Paul McCartney
82%
Nirvana, Foo Fighters, Them Crooked Vultures Dave Grohl
66%
Deep Purple, Rainbow, Blackmore's Night Ritchie Blackmore
45%
The Spencer Davis Group, Traffic, Blind Faith Steve Winwood
32%
The Smiths, The The, Modest Mouse Johnny Marr
27%
The Crazy World of Arthur Brown, ELP, Asia Carl Palmer
19%
Bad Meets Evil, Slaughterhouse, D12 Eminem
18%
Yes, King Crimson, Genesis Bill Bruford
12%
Madvillain, Danger Doom, JJ Doom MF Doom
12%
At the Drive-In, The Mars Volta, Bosnian Rainbows Omar Rodríguez-López
3%
Fairport Convention, Steeleye Span, The Albion Band Ashley Hutchings
1%
No matching quizzes found
Score Distribution
Percent of People with Each Score
Percentile by Number Answered
Your Score History
You have not taken this quiz